Green Solutions in Automotive Industry
Príklady zelených riešení vybraných globálnych hráčov v automobilovom priemysle.
Saved in:
| Main Author: | |
|---|---|
| Other Authors: | |
| Format: | Book Chapter |
| Language: | English |
| Subjects: | |
| Tags: |
No Tags, Be the first to tag this record!
|
MARC
| LEADER | 00000naa a2200000 4500 | ||
|---|---|---|---|
| 001 | 0243901 | ||
| 005 | 20220722104212.6 | ||
| 041 | 0 | |a eng | |
| 044 | |a SK | ||
| 245 | 1 | 0 | |a Green Solutions in Automotive Industry |c Eva Jaderná, Jana Přikrylová |
| 520 | |a Príklady zelených riešení vybraných globálnych hráčov v automobilovom priemysle. | ||
| 610 | 2 | 0 | |a priemysel automobilový |
| 610 | 2 | 0 | |a zodpovednosť spoločenská |
| 610 | 2 | 0 | |a podnikanie zodpovedné |
| 610 | 2 | 0 | |a ochrana prostredia životného |
| 610 | 2 | 0 | |a znečistenie prostredia životného |
| 610 | 2 | 0 | |a znečistenie ovzdušia |
| 100 | 1 | |a Jaderná, Eva | |
| 700 | 1 | |a Přikrylová, Jana | |